000 00518nam a22001817a 4500
999 _c158960
_d158960
005 20181124132553.0
010 _aB-227330
020 _a9788180520983
_c195.00
035 _aB-227330
037 _bAne Books
082 _a658.3124
100 _aDeb, Tapomy
245 _aTraining and development:
_bconcept and application/
_cTapomoy Deb
260 _aNew Delhi
_bAne Books
_c2006
300 _a241p.
_c23 cm(Pbk)
942 _2ddc
_cEN
_h658.3124
_mDEB